banner-ar

مذكرة عن رحلة عبر الجزيرة العربية : (Record no. 64151)

MARC details
000 -الفاتح
حقل البيانات ثابتة الطول 01203nam a22002537a 4500
005 - وقت وتاريخ اخر تعامل مع التسجيلة
رقم الضبط 20240530110717.0
008 - عناصر البيانات ثابتة الطول - معلومات عامة
حقل البيانات ثابتة الطول 180306s2014 ua a g b 000 0 ara d
017 ## - رقم الايداع القانونى
رقم الايداع القانونى 2013/16641
المصدر ( الهيئة المختصة) مصر. دار الكتب
020 ## - الرقم الدولى المعيارى للكتب
الرقم الدولى المعيارى للكتاب 9789774485732
040 ## - مصدر الفهرسة
وكالة الفهرسة الأصلية EG-CaGPL
وكالة النسخ EG-CaGPL
082 04 - رقم تصنيف ديوى العشرى
رقم الطبعة 21
رقم التصنيف 915.3\
رقم المادة س م
100 1# - المدخل الرئيسى - إسم شخصى
الإسم الشخصى سادلير ، ج. فورستر
الدور مؤلف
245 10 - بيان العنوان
العنوان مذكرة عن رحلة عبر الجزيرة العربية :
بقية العنوان من القطيف فى الخليج العربى الى ينبع على البحر الاحمر خلال 1819 /
بيان المسئوليه,etc تأليف ج. فورستر سادلير ؛ ترجمة انس الرفاعى ؛ تقديم عباس منصور .
250 ## - بيان الطبعة
بيان الطبعة ط.1
260 ## - PUBLICATION, DISTRIBUTION, ETC. (IMPRINT)
تاريخ النشر أو التوزيع 2013 .
300 ## - الوصف المادى
التعداد 233 ص. ؛
أبعاد الوعاء 24 سم.
650 07 - المدخل الاضافى بالموضوع-مصطلح موضوعى
مصدر الرأس أو المصطلح qrmak
مصطلح موضوعي الحضارة الاسلامية
التقسيم الفرعي الجغرافي الجزيرة العربية
651 07 - المدخل الاضافى بالموضوع - اسم جغرافى
مصدر الرأس أو المصطلح qrmak
الاسم الجغرافي العالم العربى
التقسيم الفرعي العام تاريخ
651 07 - المدخل الاضافى بالموضوع - اسم جغرافى
مصدر الرأس أو المصطلح qrmak
الاسم الجغرافي العالم العربى
التقسيم الفرعي العام الاحوال السياسية
700 0# - المدخل الاضافى - اسم شخصى
الإسم الشخصى انس الرفاعى
الدور مترجم
700 0# - المدخل الاضافى - اسم شخصى
الإسم الشخصى عباس منصور
الدور مقدم
942 ## - عناصر المدخل الإضافي( كوها)
مصدر التصنيف او مخطط الترفيف Dewey Decimal Classification
Koha [default] item type كتاب
260 ## - PUBLICATION, DISTRIBUTION, ETC. (IMPRINT)
-- القاهرة :
-- دار الكتبى للنشر والتوزيع ،
Holdings
حالة التراجع حالة الفقد حالة تلف ليس للاعارة المكان المؤقت الموقع الحالى موقع الترفيف تاريخ الاكتساب اجمالي اﻻعارات رقم الطلب الباركود تاريخ اخر مشاهدة تاريخ تفعيل السعر نوع وعاء كوها
        مكتبة القاهرة الكبرى مكتبة القاهرة الكبرى القاعة الرئيسية 03/06/2018   915.3\ س م 164292 03/06/2018 03/06/2018 كتاب

Powered By

EGPV